| 000 | 00000nam 2200000za 4500 |
| 001 | 9.822383 |
| 003 | CaOODSP |
| 005 | 20221107143653 |
| 007 | cr ||||||||||| |
| 008 | 160809s1989 onc||||#o i00| 0 eng d |
| 040 | |aCaOODSP|beng |
| 043 | |an-cn--- |
| 086 | 1 |aE100-2/1-89-1807-01E-PDF |
| 110 | 1 |aCanada.|bBinational Secretariat. |
| 245 | 10|aIn the matter of Canada's landing requirement for Pacific coast salmon and herring |h[electronic resource] : |bfinal report of the panel. |
| 246 | 30|aCanada's landing requirement for Pacific coast salmon and herring |
| 260 | |aOttawa : |b[Binational Secretariat, Canada-United States Free Trade Agreement], |c1989. |
| 300 | |a56 p. |
| 500 | |aOctober 16, 1989. |
| 500 | |aIssued also in French under title: Dans l'affaire de l'obligation du Canada en matière de débarquement du saumon et du hareng de la côte du pacifique : rapport final du Groupe spécial. |
| 504 | |aIncludes bibliographical references. |
| 692 | 07|2gccst|aFree trade agreements |
| 692 | 07|2gccst|aInternational trade |
| 692 | 07|2gccst|aFisheries |
| 775 | 08|tDans l'affaire de l'obligation du Canada en matière de débarquement du saumon et du hareng de la côte du pacifique |w(CaOODSP)9.822388 |
| 856 | 40|qPDF|s4.28 MB|uhttps://publications.gc.ca/collections/collection_2016/alena-sec-nafta/E100-2-1-89-1807-01-eng.pdf |
| 986 | |aCDA-89-1807-01 |